Foundations of health science /
保存先:
| 第一著者: | |
|---|---|
| その他の著者: | , , |
| フォーマット: | Sách giấy |
| 言語: | English |
| 出版事項: |
Boston :
Allyn and Bacon,
1968.
|
| タグ: |
タグ追加
タグなし, このレコードへの初めてのタグを付けませんか!
|
| Thư viện lưu trữ: | Thư viện Trường Đại học Đà Lạt |
|---|
| LEADER | 00720nam a2200301 4500 | ||
|---|---|---|---|
| 001 | DLU100113369 | ||
| 005 | ##20101119 | ||
| 040 | # | # | |a DLU |b vie |
| 041 | # | # | |a eng |
| 044 | # | # | |a us |
| 082 | # | # | |a 610 |b Fou |
| 100 | # | # | |a Osborn, Barbara M. |
| 245 | # | # | |a Foundations of health science / |c Barbara M. Osborn,...[et all]. |
| 260 | # | # | |a Boston : |b Allyn and Bacon, |c 1968. |
| 300 | # | # | |a x, 605 p. ; |c 25 cm. |
| 700 | # | # | |a Means, Richard K. |
| 700 | # | # | |a Sawrey, James M. |
| 700 | # | # | |a Smolensky, Jack. |
| 923 | # | # | |a 100/2010 |
| 992 | # | # | |a 0 |
| 994 | # | # | |a DLU |
| 900 | # | # | |a True |
| 911 | # | # | |a Lý Thị Hồng Hạnh |
| 925 | # | # | |a G |
| 926 | # | # | |a A |
| 927 | # | # | |a SH |
| 980 | # | # | |a Thư viện Trường Đại học Đà Lạt |